Prix des produits agricoles et de certains moyens de production Europe et en Amerique du Nord 1980/81 Étude Annuelle des prix CEE/FAO No. 33 : Commision économique pour l'Europe

Enregistré dans:
Détails bibliographiques
Format: Livre
Langue:français
Publié: New York Nations Unies 1982
Tags: Ajouter un tag
Pas de tags, Soyez le premier à ajouter un tag!

MARC

LEADER 00000nam a2200000 4500
001 c109038
005 20041019155143.1
041 0 |a fre 
044 |a US 
245 1 0 |a Prix des produits agricoles et de certains moyens de production Europe et en Amerique du Nord 1980/81  |b Étude Annuelle des prix CEE/FAO No. 33 : Commision économique pour l'Europe 
264 1 |a New York  |b Nations Unies  |c 1982 
300 |a 89 s.